[Event "AUTO-OPEN-2042"]
[Site "http://www.queenalice.com/game.php?id=803994"]
[Date "2010.7.16"]
[Round "1"]
[White "Padre_Amaro"]
[Black "CavaleiroNegro"]
[Result "1-0"]
[WhiteElo "1994"]
[BlackElo "1428"]

1. e4 e6 2. d4 d5 3. exd5 exd5 4. Nf3 Bd6 5. Nc3 Ne7 6. Bb5+ c6 7. Ba4 Bg4 8.
O-O Qc7 9. g3 Nd7 10. Qd3 O-O-O 11. Ne2 h5 12. Ng5 Rdf8 13. Nf3 1-0

[Event "AUTO-OPEN-2042"]
[Site "http://www.queenalice.com/game.php?id=803995"]
[Date "2010.7.16"]
[Round "1"]
[White "CavaleiroNegro"]
[Black "Padre_Amaro"]
[Result "0-1"]
[WhiteElo "1428"]
[BlackElo "1992"]

1. d4 Nf6 2. c4 g6 3. Nc3 Bg7 4. e4 d6 5. f3 O-O 6. Be3 Nc6 7. Nge2 b6 8. Qd2 e5
9. d5 Ne7 10. g4 Ba6 11. Ng3 Rc8 12. Bh6 c5 13. Bxg7 Kxg7 0-1

[Event "AUTO-OPEN-2042"]
[Site "http://www.queenalice.com/game.php?id=804020"]
[Date "2010.7.16"]
[Round "1"]
[White "CavaleiroNegro"]
[Black "simpleknight"]
[Result "1-0"]
[WhiteElo "1373"]
[BlackElo "1763"]

1. d4 Nf6 2. c4 d5 3. cxd5 Nxd5 4. Nc3 e6 5. e4 Nb6 6. Nf3 Be7 7. Bd3 Nc6 8. O-O
Nd7 9. Bf4 a6 10. d5 Nb4 11. dxe6 fxe6 12. Bc4 Nb6 13. Bb3 O-O 14. Be3 Qe8 15.
Nd4 Qg6 16. a3 Nc6 17. Nxc6 bxc6 18. f3 Kh8 19. Rc1 e5 20. Na4 Rd8 21. Qe2 1-0

[Event "AUTO-OPEN-2042"]
[Site "http://www.queenalice.com/game.php?id=804021"]
[Date "2010.7.16"]
[Round "1"]
[White "simpleknight"]
[Black "CavaleiroNegro"]
[Result "0-1"]
[WhiteElo "1763"]
[BlackElo "1425"]

1. d4 d5 2. h3 Nf6 3. Nf3 c5 4. e3 Nc6 5. Bb5 Bf5 6. Nc3 e6 7. O-O Bd6 8. Ne5
Qc7 9. Nxc6 bxc6 10. Bd3 Bxd3 11. cxd3 cxd4 12. exd4 O-O 13. f4 c5 14. dxc5
Bxc5+ 15. d4 Bb6 16. Be3 Ba5 17. Qd3 Bxc3 18. bxc3 Rfc8 19. Rac1 Qc4 0-1

[Event "AUTO-OPEN-2042"]
[Site "http://www.queenalice.com/game.php?id=804023"]
[Date "2010.7.16"]
[Round "1"]
[White "Givanildo"]
[Black "CavaleiroNegro"]
[Result "0-1"]
[WhiteElo "1531"]
[BlackElo "1500"]

1. e4 e6 2. Qf3 d5 3. e5 c5 4. Bb5+ Bd7 5. a4 Nc6 6. h4 Nxe5 7. Bxd7+ Qxd7 8.
Qe2 Nc6 9. c3 Nf6 10. f3 Bd6 11. Rh3 Nh5 12. d3 Bg3+ 13. Kd1 Bf4 14. g4 Bxc1 15.
gxh5 Bf4 16. Rh1 O-O 17. Nh3 Bh6 18. d4 cxd4 19. Qd3 dxc3 20. Ng5 g6 21. Nxf7
Qxf7 22. hxg6 Qxf3+ 23. Qxf3 Rxf3 24. gxh7+ Kxh7 25. Nxc3 Rg8 26. Ne2 Rg2 27.
Re1 Bf8 28. Nc1 Bb4 29. Re2 Rf1+ 30. Kc2 Rxe2+ 31. Kb1 Bd2 32. Ka2 Bxc1 33. a5
Rxb2+ 34. Ka3 Rf3+ 35. Ka4 Rb4# 0-1

[Event "AUTO-OPEN-2043"]
[Site "http://www.queenalice.com/game.php?id=804544"]
[Date "2010.7.17"]
[Round "1"]
[White "HILITO"]
[Black "CavaleiroNegro"]
[Result "1-0"]
[WhiteElo "2025"]
[BlackElo "1373"]

1. e4 e6 2. d4 d5 3. e5 c5 4. c3 Nc6 5. Nf3 Bd7 6. Bd3 cxd4 7. cxd4 Qb6 8. Bc2
Bb4+ 9. Nc3 f6 10. O-O fxe5 11. dxe5 Nge7 12. Ne2 O-O-O 13. Bg5 h6 14. Bxe7 Bxe7
15. b3 g5 16. Ned4 Nxd4 17. Nxd4 Bc5 18. Nf3 g4 19. Nh4 Rhg8 20. g3 Rdf8 21. Rc1
Rxf2 22. Rxf2 Bxf2+ 23. Kg2 Be3 24. Bh7+ Bxc1 25. Qxc1+ Bc6 26. Bxg8 d4+ 27. Kf1
Qb5+ 28. Qc4 Qxe5 29. Qxe6+ Qxe6 30. Bxe6+ 1-0

[Event "AUTO-OPEN-2043"]
[Site "http://www.queenalice.com/game.php?id=804545"]
[Date "2010.7.17"]
[Round "1"]
[White "CavaleiroNegro"]
[Black "HILITO"]
[Result "0-1"]
[WhiteElo "1373"]
[BlackElo "2023"]

1. d4 c6 2. c4 d5 3. Nc3 Nf6 4. cxd5 cxd5 5. Bf4 Nbd7 6. Qa4 e6 7. Nb5 e5 8.
Bxe5 Nxe5 9. dxe5 Nd7 10. Rc1 Bc5 11. b4 Bb6 12. Nd6+ Ke7 13. Nf3 Bc7 14. Qd1
Bxd6 15. exd6+ Kxd6 16. Qd4 Qf6 17. g3 Qxd4 18. Nxd4 Nf6 19. Bg2 a6 20. O-O Be6
21. Nxe6 fxe6 22. f4 Rac8 23. h3 b5 24. Kf2 h6 25. Ke3 Rc4 26. Rxc4 bxc4 27. Kd2
Rb8 28. a3 a5 29. Rb1 Nh5 30. Bf3 Nxg3 31. b5 Kc5 0-1

[Event "Invitation"]
[Site "http://www.queenalice.com/game.php?id=806092"]
[Date "2010.7.20"]
[Round "-"]
[White "ATeixeira"]
[Black "CavaleiroNegro"]
[Result "1-0"]
[WhiteElo "1596"]
[BlackElo "1461"]

1. e4 e6 2. d4 d5 3. e5 c5 4. c3 Nc6 5. Nf3 Qb6 6. Be2 Bd7 7. O-O Nh6 8. dxc5
Bxc5 9. b4 Be7 10. Bxh6 gxh6 11. Qd2 Qc7 12. Qe3 Rg8 13. Na3 O-O-O 14. Nb5 Qb8
15. Nbd4 Bg5 16. Nxg5 hxg5 17. a4 Qxe5 18. Nxc6 Qxe3 19. Ne7+ 1-0

[Event "Invitation"]
[Site "http://www.queenalice.com/game.php?id=806093"]
[Date "2010.7.20"]
[Round "-"]
[White "CavaleiroNegro"]
[Black "ATeixeira"]
[Result "1-0"]
[WhiteElo "1608"]
[BlackElo "1300"]

1. d4 Nf6 2. c4 e6 3. Nc3 b6 4. e4 Bb4 5. Bd3 Bb7 6. f3 Nxe4 7. fxe4 Bxe4 8. Nf3
Bxf3 9. Qxf3 Qh4+ 10. Qf2 Qxf2+ 11. Kxf2 Nc6 12. Be4 d5 13. cxd5 Nxd4 14. dxe6
Rd8 15. exf7+ 1-0

[Event "Challenge"]
[Site "http://www.queenalice.com/game.php?id=1186204"]
[Date "2013.5.30"]
[Round "-"]
[White "ATeixeira"]
[Black "CavaleiroNegro"]
[Result "0-1"]
[WhiteElo "2152"]
[BlackElo "1439"]

1. e4 e6 2. d4 d5 3. Be3 dxe4 4. f3 Nf6 5. Nd2 exf3 6. Ngxf3 Be7 7. Bd3 b6 8.
Qe2 Bb7 9. O-O O-O 10. Ne5 Nbd7 11. Kh1 Rc8 12. c3 c5 13. Rad1 cxd4 14. Bxd4 Bc5
15. Nxd7 Nxd7 16. Rf4 Qe7 17. Bxh7+ Kxh7 18. Qh5+ Kg8 19. Bxg7 f5 20. Bh8 Qh7
21. Qg5+ Kf7 22. Nf3 Ke8 23. Bg7 Be7 0-1

[Event "Amigos do Face"]
[Site "http://www.queenalice.com/game.php?id=1248251"]
[Date "2014.1.15"]
[Round "1"]
[White "CavaleiroNegro"]
[Black "Rafaelpimentel"]
[Result "0-1"]
[WhiteElo "1439"]
[BlackElo "2072"]

1. d4 d5 2. c4 c6 3. Nc3 e6 4. Nf3 f5 5. Bg5 Nf6 6. e3 Bd6 7. Bd3 O-O 8. Qc2 Qe7
9. cxd5 cxd5 10. O-O Nc6 11. a3 a6 12. Rac1 Bd7 13. Qb3 b5 14. Ne2 Rac8 15. Bf4
Be8 16. Bxd6 Qxd6 17. Nf4 Bf7 18. Ng5 Ne4 19. Rfd1 Nxg5 0-1